000 00346nam a2200157Ia 4500
003 Ost
005 20260225132552.0
008 260225s9999||||xx |||||||||||||| ||und||
040 _cfsic
041 _afre
082 _a331.25
100 _aAndré Helbo
_eAuteur
245 0 _aL'enjeu du discours /
245 0 _cAndré Helbo
942 _cكتاب
999 _c34182
_d34182